00668nam a2200229 a 4500001001300000003000900013005001700022008004100039020001000080082001500090100002500105245002000130260003300150300000900183500003500192505004300227650002000270902000800290942000700298952011600305999001700421nice12345678IN_TiNIC20260116013346.0050524s1995 dela grp 000 0 eng  ac15000a297.2bSHA aShaheed, Shah Ismail aTaqwiat-Ul-Iman aDelhibAdam Publishersc1995 a351p aincludes index and biblioraphy2 aSelected Bibliography, Glossary, Index aIslam-Doctrines bSRS cBK 001040708StackRoom-aHMIbHMId2007-07-06g150.00l0o297.2 SHAp015934r2007-07-06v150.00w2005-05-24yBK c10695d10695